| Поле | Инд. | ПП | Название | Значение |
|---|---|---|---|---|
| Тип записи | a | |||
| Библиографический уровень | b | |||
| 001 | Контрольный номер | RU/IS/BASE/124289627 | ||
| 005 | Дата корректировки | 20200522190817.0 | ||
| 084 | a | Индекс другой классификации/Индекс ББК | 26.231.7 | |
| 100 | 1_ | a | Автор | Правоторова Т. |
| 245 | a | Заглавие | К урагану - готовы! | |
| 650 | a | Основная рубрика | геофизика | |
| a | Основная рубрика | метеорология | ||
| a | Основная рубрика | науки о Земле | ||
| 653 | a | Ключевые слова | "Изабель" (ураган) | |
| a | Ключевые слова | "Флойд" (ураган) | ||
| a | Ключевые слова | атмосфера | ||
| a | Ключевые слова | атмосферное давление | ||
| a | Ключевые слова | США | ||
| a | Ключевые слова | ураганы | ||
| 773 | t | Заглавие источника | Наука и религия | |
| d | Дата издания источника | 2003 | ||
| g | Прочая информация | № 11. - С. 7 | ||
| w | Контрольный № источника | RU/IS/BASE/123688675 | ||
| 901 | t | Тип документа | b |